Cost accounting : (Record no. 85257)
[ view plain ]
| 000 -LEADER | |
|---|---|
| fixed length control field | 00727nam a22002177a 4500 |
| 005 - DATE AND TIME OF LATEST TRANSACTION | |
| control field | 20230201114217.0 |
| 010 ## - LCCN (DPL NO) | |
| LC control number | ENG-110268 ENG-135853 |
| 020 ## - INTERNATIONAL STANDARD BOOK NUMBER | |
| International Standard Book Number | 9789351426653 |
| Terms of availability | 390.00 |
| 035 ## - SYSTEM CONTROL NUMBER | |
| System control number | EN-93800 |
| 035 ## - SYSTEM CONTROL NUMBER | |
| System control number | EN-119385 |
| 037 ## - SOURCE OF ACQUISITION | |
| Source of stock number/acquisition | DBAD/PUB |
| 082 ## - DEWEY DECIMAL CLASSIFICATION NUMBER | |
| Classification number | 657.42 |
| 100 ## - MAIN ENTRY--PERSONAL NAME | |
| Personal name | Madegowda, J. |
| 245 ## - TITLE STATEMENT | |
| Title | Cost accounting : |
| Remainder of title | elements of cost and methods of costing/ |
| Statement of responsibility, etc | by J. Madegowda |
| 250 ## - EDITION STATEMENT | |
| Edition statement | 2nd rev. ed |
| 260 ## - PUBLICATION, DISTRIBUTION, ETC. (IMPRINT) | |
| Place of publication, distribution, etc | New Delhi |
| Name of publisher, distributor, etc | Himalaya Publishing House |
| Date of publication, distribution, etc | 2014 |
| 270 ## - ADDRESS | |
| Address | "Pooja Apartments"4-B, Murari Lal Street, Ansari Road, Darya Ganj |
| City | New Delhi |
| Postal code | 110002 |
| 300 ## - PHYSICAL DESCRIPTION | |
| Extent | xi,474p. |
| Dimensions | 24cm(pbk) |
| 500 ## - GENERAL NOTE | |
| General note | Includes bibliographical references and index |
| 942 ## - ADDED ENTRY ELEMENTS (KOHA) | |
| Source of classification or shelving scheme | Dewey Decimal Classification |
| Item type | English Books |
| Call number suffix | MAD |
| Classification part | 657.42 |
| Withdrawn status | Lost status | Not for loan | Collection code | Home library | Current library | Date acquired | Source of acquisition | Cost, normal purchase price | Full call number | Barcode | Copy number | Cost, replacement price | Koha item type |
|---|---|---|---|---|---|---|---|---|---|---|---|---|---|
| Not For Loan | Non-fiction | D.B.Act.Division | D.B.Act.Division | 25/06/2014 | DBAD/PUB | 390.00 | 657.42 MAD | EN-93800 | 1 | 390.00 | English Books | ||
| Non-fiction | Kasturba Gandhi Marg | Kasturba Gandhi Marg | 14/12/2022 | DBAD/PUB | 390.00 | 657.42 MAD | EN-119385 | 2 | 390.00 | English Books |
